Metodologické možnosti kvantifikácie regionálnych rozdielov v národnom hospodárstve

Návrh ukazovateľa regionálnej nerovnosti ekonomiky, na základe ktorého je možné jednotlivé ekonomiky porovnávať, resp. posudzovať vývoj zvolenej ekonomiky. Východiská kvantifikácie regionálnej nerovnomernosti ekonomiky. Analýza ukazovateľa KRR (koeficient rozdielnosti regiónov). KRR ako východisko p...

Descripción completa

Guardado en:
Detalles Bibliográficos
Autor principal: Zubaľová, Alena, 1959-
Otros Autores: Babiak, Martin
Formato: Capítulo de libro
Lenguaje:eslovaco
Materias:
Etiquetas: Agregar Etiqueta
Sin Etiquetas, Sea el primero en etiquetar este registro!

MARC

LEADER 00000naa$a2200000$$$4500
001 0056021
005 20240502071633.0
041 0 |a slo 
044 |a SK 
245 1 0 |a Metodologické možnosti kvantifikácie regionálnych rozdielov v národnom hospodárstve  |c Alena Zubaľová, Martin Babiak 
520 |a Návrh ukazovateľa regionálnej nerovnosti ekonomiky, na základe ktorého je možné jednotlivé ekonomiky porovnávať, resp. posudzovať vývoj zvolenej ekonomiky. Východiská kvantifikácie regionálnej nerovnomernosti ekonomiky. Analýza ukazovateľa KRR (koeficient rozdielnosti regiónov). KRR ako východisko pre ďalšie ukazovatele. 
610 2 0 |a regióny 
610 2 0 |a vývoj 
610 2 0 |a nerovnosť 
610 2 0 |a hospodárstvo národné 
610 2 0 |a kvantifikácia 
610 2 0 |a metodológia 
100 1 |a Zubaľová, Alena, 1959- 
700 1 |a Babiak, Martin